Las vacaciones del pequeño Nicolás / (Registro nro. 9222)

Detalles MARC
000 -LIDER
fixed length control field 01031nam a22003257a 4500
001 - NÚMERO DE CONTROL
Identificador de número de control 240005
003 - IDENTIFICACDOR DE NÚMERO DE CONTROL
control field DO-SdBNP
005 - DATE AND TIME OF LATEST TRANSACTION
control field 20180222113231.0
007 - CAMPOS FIJOS DE DESCRIPCIÓN FÍSICA
fixed length control field 240005
008 - ELEMENTOS DE LONGITUD FIJA
fixed length control field 160314b 1985 sp xxu||||| |||| 00| 0 spa d
020 ## - ISBN
International Standard Book Number 8420448133
040 ## - FUENTE DE CATALOGACIÓN
Agencia que crea de manera original el registro BPMSU
Idioma de catalogación spa
Agencia que realiza la transcripción BPMSU
041 17 - CÓDIGOS DE OBRAS TRADUCIDAS O EN VARIOS IDIOMAS
Código del idioma del texto/archivo de sonido o separata spa
Cód. del idioma original y/o traducciones intermedias del texto eng
092 ## - LOCALLY ASSIGNED DEWEY DECIMAL CALL NUMBER
Número de clasificación XXXX
Número de ítem (Cutter) XXXX
100 1# - ASIENTO PRINCIPAL -- NOMBRE PERSONAL
Nombre personal Sempé, Jean-Jaques,
Fechas asociadas con el nombre 1932-
240 10 - TITULO UNIFORME
Título uniforme Les vacances du petit Nicolas.
Idioma de una obra Español
245 10 - MENCIÓN DE TITULO
Título Las vacaciones del pequeño Nicolás /
Mención de responsabilidad SempéGoscinny ; traducción de Esther Benítez ; ilustraciones de Sempé.
250 ## - MENCIÓN DE EDICION
Mención de edición 12ª ed., reimp.
260 ## - PUBLICACIÓN, DISTRIBUCIÓN, ETC. (PIE DE IMPRENTA)
Lugar de publicación, distribución, etc Madrid :
Nombre del editor, distribuidor, etc. Alfaguara,
Fecha de publicación, distribución, etc 1993.
Fecha de impresión 1999
300 ## - DESCRIPCIÓN FÍSICA
Extensión 150 p. :
Otros detalles físicos il. ;
Dimensiones 20 cm.
490 1# - MENCIÓN DE SERIES
Mención de serie Infantil
500 ## - NOTA GENERAL
Nota general La biblioteca posee la duodécima reimpresión: enero 1999
700 12 - ASIENTO SECUNDARIO -- NOMBRE PERSONAL
Nombre personal Goscinny, René,
Fechas asociadas con el nombre 1926-1977.
700 12 - ASIENTO SECUNDARIO -- NOMBRE PERSONAL
Nombre personal Benítez, Esther,
Mención de responsabilidad tr.
700 12 - ASIENTO SECUNDARIO -- NOMBRE PERSONAL
Nombre personal Sempé,
Mención de responsabilidad il.
830 #0 - ASIENTO SECUNDARIO DE SERIE--TÍTULO UNIFORME
Título uniforme Infantil
942 ## - ADDED ENTRY ELEMENTS (KOHA)
Source of classification or shelving scheme Dewey Decimal Classification
Koha item type Libros
945 ## - INFORMACIÓN DE PROCESAMIENTO LOCAL
Información de procesamiento local inventariado, 2018 / dg
956 ## - LOCAL ELECTRONIC LOCATION AND ACCESS (OCLC)
Método de acceso LOPEREZ
Materiales especificados 10
Enlace 20160314
Campo enlazado y núm. de secuencia BPMSU
Nombre de host 00260
Existencias
Withdrawn status Lost status Source of classification or shelving scheme Damaged status Not for loan Home library Current library Date acquired Source of acquisition Total Checkouts Barcode Date last seen Price effective from Koha item type
    Dewey Decimal Classification     Biblioteca Pública Metropolitana Salomé Ureña Biblioteca Pública Metropolitana Salomé Ureña 03/14/2016 Donado por FUNDI   BPMSU6030095 03/14/2016 03/14/2016 Libros